<?xml version="1.0" encoding="utf-8"?>
<?xml-stylesheet type='text/xsl' href='./oai2.xsl'?>
<OAI-PMH xmlns="http://www.openarchives.org/OAI/2.0/" xmlns:xsi="http://www.w3.org/2001/XMLSchema-instance" xsi:schemaLocation="http://www.openarchives.org/OAI/2.0/ http://www.openarchives.org/OAI/2.0/OAI-PMH.xsd">
  <responseDate>2026-05-13T12:12:00Z</responseDate>
  <request verb="GetRecord" metadataPrefix="marcxml" identifier="record_kuniweb_101341">https://kulturerbe.niedersachsen.de/oai</request>
  <GetRecord>
    <record>
      <header>
        <identifier>record_kuniweb_101341</identifier>
        <datestamp>2026-03-31T19:09:18Z</datestamp>
        <setSpec>slg0220</setSpec>
      </header>
      <metadata>
        <marc:record xmlns:marc="http://www.loc.gov/MARC21/slim" xsi:schemaLocation="http://www.loc.gov/MARC21/slim http://www.loc.gov/standards/marcxml/schema/MARC21slim.xsd">
          <marc:leader>12345nrm  22     uu 4500</marc:leader>
          <marc:controlfield tag="001">101341</marc:controlfield>
          <marc:controlfield tag="003">http://kuniweb.gbv.de</marc:controlfield>
          <marc:controlfield tag="005">2021-09-21T11:44:50</marc:controlfield>
          <marc:controlfield tag="008">|           ||||||||||||||||||||||</marc:controlfield>
          <marc:datafield tag="245" ind1="1" ind2="0">
            <marc:subfield code="a">Kettenhemd (Fragment)</marc:subfield>
          </marc:datafield>
          <marc:datafield tag="655" ind1=" " ind2="7">
            <marc:subfield code="a">Archäologie</marc:subfield>
          </marc:datafield>
          <marc:datafield tag="046" ind1=" " ind2=" ">
            <marc:subfield code="k">0300</marc:subfield>
            <marc:subfield code="k">Römische Kaiserzeit/Völkerwanderungszeit (4./5. Jahrhundert)</marc:subfield>
            <marc:subfield code="l">0500</marc:subfield>
          </marc:datafield>
          <marc:datafield tag="260" ind1=" " ind2=" ">
            <marc:subfield code="g">0300</marc:subfield>
            <marc:subfield code="g">0500</marc:subfield>
            <marc:subfield code="g">Römische Kaiserzeit/Völkerwanderungszeit (4./5. Jahrhundert)</marc:subfield>
          </marc:datafield>
          <marc:datafield tag="300" ind1=" " ind2=" ">
            <marc:subfield code="a">Gewicht: 28,9 g (Gesamt)
Gewicht: 0,5 g (Einzelring)
Durchmesser: 1,3 cm (Einzelring)</marc:subfield>
          </marc:datafield>
          <marc:datafield tag="520" ind1=" " ind2=" ">
            <marc:subfield code="a">Kettenhemdfragment aus einem Kindergrab in Barchel.
Das Objekt ist haufenartig zusammenkorrodiert, so dass die Größe nicht angegeben werden kann. Die eisernen Ringe sind scheibenartig und sehr flach gearbeitet. Insofern es sich bestimmen ließ, weisen sie eine identische Größe auf.
Teilstücke von Kettenhemden treten als Grabbeigabe immer wieder auf Gräberfeldern der späten Römischen Kaiserzeit, wie auch der Völkerwanderungszeit auf. Es scheint sich jedoch um eine seltene Beigabe zu handeln, die sich im Verhältnis zu der Gesamtanzahl an Gräbern nur auf einzelne Bestattungen beschränkt.
Den Stücken [...] einen Symbolgehalt oder amulettartigen Charakter zuzusprechen ist naheliegend. Im Fall der Kettenhemdfragmente kann womöglich von einer symbolhaften Übertragung der ursprünglichen Schutzfunktion ausgegangen werden.  (Boes 2017)

Ausgrabungs- / Untersuchungsdatum: 1980

Veröffentlicht in:
N. Boes, Das sächsische Gräberfeld von Barchel, Lkr. Rotenburg (Wümme). Masterarbeit Göttingen 2017.</marc:subfield>
          </marc:datafield>
          <marc:datafield tag="773" ind1="0" ind2=" ">
            <marc:subfield code="t">Archäologische Funde aus dem Landkreis Rotenburg (Wümme)</marc:subfield>
          </marc:datafield>
          <marc:datafield tag="852" ind1=" " ind2=" ">
            <marc:subfield code="a">Kreisarchäologie Rotenburg</marc:subfield>
          </marc:datafield>
          <marc:datafield tag="852" ind1=" " ind2=" ">
            <marc:subfield code="a">Barchel (Oerel, Geestequelle, Rotenburg (Wümme), Niedersachsen)</marc:subfield>
          </marc:datafield>
          <marc:datafield tag="" ind1=" " ind2=" ">
            <marc:subfield code="a">Namensnennung - Weitergabe unter gleichen Bedingungen 4.0 International (CC BY-SA 4.0)</marc:subfield>
          </marc:datafield>
        </marc:record>
      </metadata>
    </record>
  </GetRecord>
</OAI-PMH>
